Flags of Australia - Statistics

General Stats
  • This quiz has been taken 803 times
  • The average score is 6 of 14
Answer Stats
Picture Answer % Correct
Australia
100%
Queensland
51%
Western Australia
50%
Indigenous Australia
49%
New South Wales
49%
Victoria
47%
South Australia
46%
Tasmania
46%
Christmas Island
40%
Norfolk Island
40%
Northern Territory
39%
Cocos (Keeling) Islands
33%
Australian Capital Territory
31%
Eureka Flag
16%
No matching quizzes found
Score Distribution
Percent of People with Each Score
Percentile by Number Answered
Your Score History
You have not taken this quiz